Cẩm nang tra cứu và thay thế vi mạch (IC) = Modern IC data and susbtitution manual

Cẩm nang giúp độc giả tra cứu nhanh chóng và dễ dàng từ đo có thể vận dụng mọi chức năng của từng IC mà có đối sách sửa chữa thích hợp.

Zapisane w:
Opis bibliograficzny
Format: Książka
Język:Undetermined
Wydane: Thành phố Hồ Chí Minh Trẻ 2002
Hasła przedmiotowe:
Etykiety: Dodaj etykietę
Nie ma etykietki, Dołącz pierwszą etykiete!
Thư viện lưu trữ: Trung tâm Học liệu Trường Đại học Cần Thơ
LEADER 00809nam a2200205Ia 4500
001 CTU_95299
008 210402s9999 xx 000 0 und d
020 |c 34000 
082 |a 621.3815 
082 |b C120 
245 0 |a Cẩm nang tra cứu và thay thế vi mạch (IC) = 
245 0 |b Modern IC data and susbtitution manual 
245 0 |c First News biên dịch 
260 |a Thành phố Hồ Chí Minh 
260 |b Trẻ 
260 |c 2002 
520 |a Cẩm nang giúp độc giả tra cứu nhanh chóng và dễ dàng từ đo có thể vận dụng mọi chức năng của từng IC mà có đối sách sửa chữa thích hợp. 
650 |a Integrated circuits 
904 |i Minh 
980 |a Trung tâm Học liệu Trường Đại học Cần Thơ